| Registos Bibliográficos associados ao registo de autoridade |
|
Etiqueta de registo: 00254nam 2200025 450 001 2288599 003 http://id.bnportugal.gov.pt/bib/catbnp/2288599 100 ## $a20260623d2025 k y0pory01030103ba 101 0# $apor$deng 102 ## $aPT 105 ## $aa m 001yy 106 ## $ar 200 1# $aNorte aquém distante ouro$e o fotograma$eciência e arte$fDaniel Filipe Antunes Pinheiro$gorient. Maria João Pestana Noronho Gamito 210 #9 $aLisboa$c[s.n.],$d2025 215 ## $aX, 272 p.$cil$d30 cm 328 #1 $aTese dout. Belas-Artes (Arte Multimédia), Faculdade de Belas-Artes da Universidade
de Lisboa, 2023 700 #1 $aPinheiro,$bDaniel Filipe Antunes$32001385 702 #1 $aGamito,$bMaria João$4727$3298975 801 #0 $aPT$bBN$gRPC 966 ## $lBN$mFGMON$x1 971 ## $cisantos$d20260623
|
|
|